00596nam a2200169 a 450000500170000000800410001702000180005805000180007610000270009424500730012126000470019430000220024165000170026365000170028099900190029795201100031620140412111239.0010710s19uu xx 00 eng d a0-582-12165-5 aERbGo59 1994 aMcCaughrean, Grealdine aGood dog /cby Geraldine McCaughrean; illustrated by Colin Smithson. aLondon :bLongman Group UK Limited,c1994. a1v. (unp.) ; ill. aDogs-Stories aDogs-Fiction c102632d102632 00104050aELbELcERd2001-07-10eDonationl0oER Go59 1994pE2267r2014-04-12 00:00:00w2014-04-12yBK